Normal view
MARC view
- Cyberspace operations (Military science)
Entry Geographic Name
001 - CONTROL NUMBER
- control field: 118298
003 - CONTROL NUMBER IDENTIFIER
- control field: NUST
005 - DATE AND TIME OF LATEST TRANSACTION
- control field: 20231002122321.0
008 - FIXED-LENGTH DATA ELEMENTS
- fixed length control field: 231002|| aca||aabn | a|a d
040 ## - CATALOGING SOURCE
- Original cataloging agency: NUST
- Transcribing agency: NUST
151 ## - HEADING--GEOGRAPHIC NAME
- Geographic name: Cyberspace operations (Military science)
670 ## - SOURCE DATA FOUND
- Source citation: Work cat.: (NUST): Smeets, Max 118296, No Shortcuts :, 2022
